Sports Quiz

Random Sports or Auto Racing Quiz

Roush Fenway Highest Points Finishers (Cup) Quiz Stats

 Plays Quiz not verified by Sporcle

Support Sporcle.
Go Orange.
Score 0/33 Timer 06:00
0 Plays Today
Year Driver % Correct
2003Matt Kenseth
97.5%
2006Matt Kenseth
97.5%
2007Matt Kenseth
97.5%
2008Carl Edwards
96.5%
2010Carl Edwards
96.5%
2011Carl Edwards
96.5%
2014Carl Edwards
96.5%
2005Greg Biffle
96%
2009Greg Biffle
96%
2012Greg Biffle
96%
2013Greg Biffle
96%
2015Greg Biffle
96%
2016Ricky Stenhouse Jr.
95.5%
2017Ricky Stenhouse Jr.
95.5%
2018Ricky Stenhouse Jr.
95.5%
2004Kurt Busch
95%
1988Mark Martin
94.6%
Year Driver % Correct
1989Mark Martin
94.6%
1990Mark Martin
94.6%
1991Mark Martin
94.6%
1992Mark Martin
94.6%
1993Mark Martin
94.6%
1994Mark Martin
94.6%
1995Mark Martin
94.6%
1996Mark Martin
94.6%
1997Mark Martin
94.6%
1998Mark Martin
94.6%
1999Mark Martin
94.6%
2002Mark Martin
94.6%
2019Ryan Newman
93.6%
2020Chris Buescher
84.7%
2000Jeff Burton
84.7%
2001Jeff Burton
84.7%

You're not logged in!

Compare scores with friends on all Sporcle quizzes.
OR
Log In

From the Vault

Paint South America!

by bhenderson79

We lost our map, so we need you to remake it for us. Thanks!
Remove Ads.
Support Sporcle.
Get the best of Sporcle when you Go Orange. This ad-free experience offers more features, more stats, and more fun while also helping to support Sporcle. Thank you for becoming a member.

Show Comments

Extras

Top Quizzes Today


Score Distribution

Your Account Isn't Verified!

In order to create a playlist on Sporcle, you need to verify the email address you used during registration. Go to your Sporcle Settings to finish the process.

Report this User

Report this user for behavior that violates our Community Guidelines.

Details: